000 00399nam a22001337a 4500
003 SISC
005 20170629150939.0
008 170629b xxu||||| |||| 00| 0 eng d
050 _aG 140.5
_b.W927 2016
245 _aWorld heritage sites and living cultures of the Philippines /
260 _aPhilippines :
_bUNESCO,
_c2016.
300 _a165 pages :
_bcolor illustrations ;
_c27 cm.
942 _2lcc
_cBK
999 _c335258
_d335258